[Event "CZE-chT2C 2223"]
[Site "Czech Republic"]
[Date "2022.11.06"]
[Round "2.6"]
[White "Klubal, Jiri"]
[Black "Svatos, Jan"]
[Result "1/2-1/2"]
[WhiteElo "1943"]
[BlackElo "2204"]
[PlyCount "82"]
[EventDate "2022.10.16"]
[EventType "team-tourn"]
[EventRounds "11"]
[EventCountry "CZE"]
[SourceTitle "EXT 2024"]
[Source "ChessBase"]
[SourceDate "2023.10.10"]
[SourceVersion "1"]
[SourceVersionDate "2023.10.10"]
[SourceQuality "1"]
[WhiteTeam "Kutna Hora"]
[BlackTeam "Vysehrad"]
[WhiteTeamCountry "CZE"]
[BlackTeamCountry "CZE"]

1. e4 d5 2. exd5 Nf6 3. c4 e6 4. dxe6 Bxe6 5. Nf3 Nc6 6. d4 Bb4+ 7. Bd2 Bxd2+ 8. Qxd2 Qe7 9. Qe3 0-0-0 10. Be2 Ng4 11. Qa3 Qf6 12. 0-0 Nxd4 13. Nxd4 Qxd4 14. Qc3 Ne5 15. b3 Rhe8 16. Qxd4 Rxd4 17. Nc3 a6 18. Rad1 Red8 19. Rxd4 Rxd4 20. Rd1 c5 21. Na4 Rxd1+ 22. Bxd1 Nd7 23. Bc2 b5 24. cxb5 axb5 25. Nc3 b4 26. Ne4 Kc7 27. Kf1 Bf5 28. Ke2 Nf6 29. Ke3 Nd5+ 30. Kd2 Bxe4 31. Bxe4 Nc3 32. Bxh7 Nxa2 33. Bg8 f6 34. Bc4 Kd6 35. f4 Nc3 36. Ke3 f5 37. h3 Ke7 38. g4 fxg4 39. hxg4 Kf6 40. Kd3 g5 41. fxg5+ Kxg5 1/2-1/2

[Event "CZE-ch Juniors FIDE op"]
[Site "Kouty nad Desnou"]
[Date "2020.03.11"]
[Round "6"]
[White "Vaculik, Martin1111"]
[Black "Klubal, Jiri"]
[Result "1-0"]
[WhiteElo "1734"]
[BlackElo "1935"]
[PlyCount "57"]
[EventDate "2020.03.07"]
[EventType "swiss"]
[EventRounds "7"]
[EventCountry "CZE"]
[SourceTitle "CBM 195 Extra"]
[Source "ChessBase"]
[SourceDate "2020.05.31"]
[SourceVersion "1"]
[SourceVersionDate "2020.05.31"]
[SourceQuality "1"]

1. e4 c5 2. Nf3 e6 3. d4 cxd4 4. Nxd4 a6 5. Bd3 d6 6. c4 Nf6 7. Nc3 Qc7 8. 0-0 b6 9. Kh1 Bb7 10. f4 g6 11. Qe2 Nbd7 12. f5 gxf5 13. exf5 e5 14. Ne6 fxe6 15. fxe6 Be7 16. exd7+ Qxd7 17. Ne4 Nxe4 18. Bxe4 Rf8 19. Rxf8+ Bxf8 20. Qh5+ Kd8 21. Bg5+ Kc7 22. Rf1 Bxe4 23. Rf7 Bg6 24. Rxd7+ Kxd7 25. Qg4+ Kc7 26. h4 Rc8 27. Be3 Bd3 28. Bxb6+ Kb7 29. Qd7+ 1-0

[Event "CZE-ch Juniors FIDE op"]
[Site "Kouty nad Desnou"]
[Date "2020.03.08"]
[Round "2"]
[White "Broz, Jan"]
[Black "Klubal, Jiri"]
[Result "1/2-1/2"]
[WhiteElo "1481"]
[BlackElo "1935"]
[PlyCount "67"]
[EventDate "2020.03.07"]
[EventType "swiss"]
[EventRounds "7"]
[EventCountry "CZE"]
[SourceTitle "CBM 195 Extra"]
[Source "ChessBase"]
[SourceDate "2020.05.31"]
[SourceVersion "1"]
[SourceVersionDate "2020.05.31"]
[SourceQuality "1"]

1. e4 c5 2. Nf3 e6 3. d4 cxd4 4. Nxd4 a6 5. Bd3 Qc7 6. Nb3 Nf6 7. 0-0 d5 8. exd5 Nxd5 9. N1d2 Nd7 10. Nf3 Bd6 11. Bd2 b6 12. Re1 N5f6 13. Bc3 0-0 14. Nbd2 Bb7 15. Ne4 Nxe4 16. Bxe4 Bxe4 17. Rxe4 e5 18. Qe1 f5 19. Rh4 Rae8 20. Rd1 Nf6 21. Rh3 Ne4 22. Nd2 Nxc3 23. Rxc3 Qb8 24. a3 e4 25. Nf1 f4 26. b4 a5 27. Rc6 Rf6 28. Qd2 Bc7 29. Rxf6 gxf6 30. Qd5+ Kf8 31. Qf5 Re7 32. Qxf6+ Rf7 33. Qh6+ Kg8 34. Qg5+ 1/2-1/2

[Event "Pardubice Czech op-B 30th"]
[Site "Pardubice"]
[Date "2019.07.27"]
[Round "9"]
[White "Kronowetter, Borivoj"]
[Black "Klubal, Jiri"]
[Result "1/2-1/2"]
[WhiteElo "2040"]
[BlackElo "1807"]
[PlyCount "50"]
[EventDate "2019.07.19"]
[EventType "swiss"]
[EventRounds "9"]
[EventCountry "CZE"]
[SourceTitle "EXT 2020"]
[Source "ChessBase"]
[SourceDate "2019.10.17"]
[SourceVersion "1"]
[SourceVersionDate "2019.10.17"]
[SourceQuality "1"]

1. Nf3 Nf6 2. g3 g6 3. Bg2 Bg7 4. 0-0 0-0 5. d3 d6 6. e4 e5 7. Nbd2 Nbd7 8. Ne1 Nh5 9. f4 exf4 10. g4 Bd4+ 11. Kh1 Nhf6 12. Rxf4 Ne5 13. h3 Nfxg4 14. Qe2 Qh4 15. Ndf3 Nf2+ 16. Kh2 Neg4+ 17. Rxg4 Nxg4+ 18. Kh1 Nf2+ 19. Kh2 Qf6 20. Nxd4 Qe5+ 21. Kg1 Nxh3+ 22. Bxh3 Qxd4+ 23. Kg2 Qe5 24. Bxc8 Raxc8 25. Nf3 Qh5 1/2-1/2

[Event "Pardubice Czech op-C 29th"]
[Site "Pardubice"]
[Date "2018.07.28"]
[Round "9"]
[White "Klubal, Jiri"]
[Black "Rieping, Heiner"]
[Result "1-0"]
[WhiteElo "1842"]
[BlackElo "1949"]
[PlyCount "79"]
[EventDate "2018.07.21"]
[EventType "swiss"]
[EventRounds "9"]
[EventCountry "CZE"]
[SourceTitle "CBM 186 Extra"]
[Source "ChessBase"]
[SourceDate "2018.08.24"]
[SourceVersion "1"]
[SourceVersionDate "2018.08.24"]
[SourceQuality "1"]

1. e4 d5 2. exd5 Qxd5 3. Nc3 Qa5 4. d4 Nf6 5. Nf3 Bg4 6. h3 Bh5 7. g4 Bg6 8. Ne5 c6 9. Bg2 Nbd7 10. Nxd7 Nxd7 11. Bd2 Qc7 12. d5 Nb6 13. dxc6 bxc6 14. 0-0 e6 15. Qf3 Nd5 16. Ne4 Bxe4 17. Qxe4 Bd6 18. c4 Ne7 19. Bc3 0-0 20. Rad1 Rad8 21. Kh1 Bf4 22. Rfe1 h5 23. gxh5 Nf5 24. Qxc6 Qe7 25. Qf3 Bb8 26. Qg4 Rxd1 27. Rxd1 Qc7 28. Kg1 Rd8 29. Rxd8+ Qxd8 30. Be4 f6 31. Bxf5 exf5 32. Qxf5 Qc7 33. Qg4 Qh2+ 34. Kf1 Qd6 35. h6 g5 36. h4 Qd3+ 37. Kg2 Bf4 38. Bxf6 Qxc4 39. Bxg5 Qd5+ 40. Qf3 1-0

[Event "Pardubice Czech op-C 29th"]
[Site "Pardubice"]
[Date "2018.07.25"]
[Round "6"]
[White "Klubal, Jiri"]
[Black "Hoppe, Andreas"]
[Result "0-1"]
[WhiteElo "1842"]
[BlackElo "1964"]
[PlyCount "118"]
[EventDate "2018.07.21"]
[EventType "swiss"]
[EventRounds "9"]
[EventCountry "CZE"]
[SourceTitle "CBM 186 Extra"]
[Source "ChessBase"]
[SourceDate "2018.08.24"]
[SourceVersion "1"]
[SourceVersionDate "2018.08.24"]
[SourceQuality "1"]

1. e4 e6 2. d4 d5 3. Nc3 Bb4 4. e5 c5 5. a3 cxd4 6. Qxd4 Nc6 7. Bb5 Bxc3+ 8. Qxc3 Nge7 9. Bg5 Bd7 10. Bxc6 Bxc6 11. Nf3 h6 12. Be3 0-0 13. Nd4 Rc8 14. Qd2 Bd7 15. 0-0 Ng6 16. Nf3 b6 17. Rfe1 Re8 18. c3 Ne7 19. Nd4 Rc4 20. Rad1 Ng6 21. Nf3 Kh7 22. Bd4 Qc7 23. Be3 Re4 24. Bd4 Ba4 25. Rc1 Rxe1+ 26. Rxe1 Qc4 27. Qc1 Rc8 28. Qb1 Kg8 29. Nd2 Qa6 30. Nf3 Bb5 31. Qd1 Nf4 32. Qd2 Ng6 33. Be3 Bd3 34. Bd4 Be4 35. Re3 Bxf3 36. Rxf3 Qc4 37. Rg3 Ne7 38. h3 Nf5 39. Rg4 Nxd4 40. Rxd4 Qb3 41. Rg4 Rc4 42. Rxc4 Qxc4 43. Qd4 Qxd4 44. cxd4 Kh7 45. f4 Kg6 46. Kf2 f6 47. Kf3 fxe5 48. fxe5 Kf5 49. g3 g5 50. h4 gxh4 51. gxh4 b5 52. b3 a5 53. a4 b4 54. Kg3 Ke4 55. Kg4 Kxd4 56. Kh5 Kxe5 57. Kxh6 d4 58. h5 d3 59. Kg7 d2 0-1

[Event "Pardubice Czech op-C 29th"]
[Site "Pardubice"]
[Date "2018.07.23"]
[Round "3"]
[White "Klubal, Jiri"]
[Black "Polich, Sergey"]
[Result "1/2-1/2"]
[WhiteElo "1842"]
[BlackElo "2096"]
[PlyCount "46"]
[EventDate "2018.07.21"]
[EventType "swiss"]
[EventRounds "9"]
[EventCountry "CZE"]
[SourceTitle "CBM 186 Extra"]
[Source "ChessBase"]
[SourceDate "2018.08.24"]
[SourceVersion "1"]
[SourceVersionDate "2018.08.24"]
[SourceQuality "1"]

1. e4 c5 2. Nf3 g6 3. d4 cxd4 4. Nxd4 Bg7 5. Be3 Nc6 6. c4 Nf6 7. Nc3 0-0 8. Be2 b6 9. 0-0 Bb7 10. f3 d6 11. Qd2 Nh5 12. Rfc1 Nf4 13. Bf1 Nxd4 14. Bxd4 Bxd4+ 15. Qxd4 Ne6 16. Qe3 Re8 17. Rd1 Qc7 18. Nd5 Qc5 19. Qf2 Qxf2+ 20. Kxf2 Rac8 21. Rac1 Nc7 22. g3 Nxd5 23. cxd5 Rc5 1/2-1/2

[Event "Morava-ch U16"]
[Site "Loucna nad Desnou"]
[Date "2017.10.29"]
[Round "9"]
[White "Klubal, Jiri"]
[Black "Karlik, Jachym"]
[Result "1-0"]
[WhiteElo "1749"]
[BlackElo "1470"]
[PlyCount "81"]
[EventDate "2017.10.24"]
[EventType "swiss"]
[EventRounds "9"]
[EventCountry "CZE"]
[SourceTitle "EXT 2020"]
[Source "ChessBase"]
[SourceDate "2019.10.17"]
[SourceVersion "1"]
[SourceVersionDate "2019.10.17"]
[SourceQuality "1"]

1. e4 c5 2. Nf3 d6 3. c4 Nf6 4. Nc3 e6 5. d4 cxd4 6. Nxd4 a6 7. Be3 Be7 8. Be2 Qc7 9. 0-0 Nbd7 10. Qd2 b6 11. f3 Bb7 12. Rfc1 Rc8 13. a4 0-0 14. a5 bxa5 15. Nb3 Ne5 16. Nxa5 Ra8 17. Na4 Nfd7 18. b4 Rfd8 19. Nc3 Nb6 20. Nd5 Nxd5 21. cxd5 Qd7 22. f4 Ng6 23. Nxb7 Qxb7 24. Rc6 Rdb8 25. Rb6 Qxb6 26. Bxb6 Rxb6 27. b5 Bf6 28. Rxa6 Rab8 29. h3 h6 30. Rxb6 Rxb6 31. g3 e5 32. f5 Bd8 33. fxg6 fxg6 34. Qc3 Rb8 35. Qc6 Bb6+ 36. Kg2 Bc5 37. Qc7 Rb6 38. Kf1 Kh7 39. Bd3 h5 40. Ke2 Kh6 41. h4 1-0

[Event "Pardubice Czech op-C 28th"]
[Site "Pardubice"]
[Date "2017.07.24"]
[Round "4"]
[White "Klubal, Jiri"]
[Black "Zpevak, Milan"]
[Result "1-0"]
[WhiteElo "1761"]
[BlackElo "1979"]
[PlyCount "63"]
[EventDate "2017.07.22"]
[EventType "swiss"]
[EventRounds "9"]
[EventCountry "CZE"]
[SourceTitle "CBM 179 Extra"]
[Source "ChessBase"]
[SourceDate "2017.08.23"]
[SourceVersion "1"]
[SourceVersionDate "2017.08.23"]
[SourceQuality "1"]

1. e4 e5 2. Nf3 d6 3. d4 exd4 4. Nxd4 Nf6 5. Nc3 Be7 6. Be2 0-0 7. 0-0 Bd7 8. f4 Nc6 9. Bf3 a6 10. Re1 Rb8 11. Kh1 Nxd4 12. Qxd4 Bg4 13. Bxg4 Nxg4 14. Nd5 Re8 15. Bd2 c5 16. Qg1 Nf6 17. Re3 Nxd5 18. exd5 Bf6 19. c3 Qd7 20. Rae1 Kf8 21. Qf1 Qa4 22. Qd3 g6 23. f5 Qxa2 24. Rxe8+ Rxe8 25. Bh6+ Bg7 26. Bxg7+ Kxg7 27. f6+ Kxf6 28. Qf1+ Kg7 29. Rxe8 Qxd5 30. Re7 c4 31. Rc7 b5 32. Ra7 1-0

[Event "Kouty nad Desnou op-A"]
[Site "Kouty nad Desnou"]
[Date "2017.03.14"]
[Round "5"]
[White "Klubal, Jiri"]
[Black "Tresnak, Lukas"]
[Result "1-0"]
[WhiteElo "1684"]
[BlackElo "1864"]
[PlyCount "83"]
[EventDate "2017.03.11"]
[EventType "swiss"]
[EventRounds "9"]
[EventCountry "CZE"]
[SourceTitle "CBM 177 Extra"]
[Source "ChessBase"]
[SourceDate "2017.04.27"]
[SourceVersion "1"]
[SourceVersionDate "2017.04.27"]
[SourceQuality "1"]

1. e4 e6 2. d4 d5 3. exd5 exd5 4. Bd3 Bd6 5. Ne2 Be6 6. Bf4 Ne7 7. c3 Ng6 8. Bxd6 Qxd6 9. Nd2 Nd7 10. Qc2 0-0-0 11. 0-0-0 Nf4 12. Nxf4 Qxf4 13. f3 h6 14. g3 Qd6 15. Rde1 Nb6 16. Re5 Rde8 17. Rhe1 Kd8 18. Nb3 Nd7 19. R5e2 c6 20. Bf5 Nf8 21. Nc5 Kc7 22. Bxe6 Nxe6 23. f4 Nxc5 24. Rxe8 Rxe8 25. Rxe8 Ne4 26. Qa4 Kd7 27. Rf8 Nf6 28. Ra8 Qe6 29. Rxa7 Qe1+ 30. Kc2 Qe2+ 31. Kb3 Ne4 32. Rxb7+ Kd6 33. Qb4+ Ke6 34. Re7+ Kf5 35. Rxf7+ Kg4 36. Rxg7+ Kf3 37. Ka3 Nd2 38. Qa4 Nb1+ 39. Kb3 Nd2+ 40. Ka3 Nb1+ 41. Kb4 Nd2 42. Qxc6 1-0

[Event "Kouty nad Desnou op-A"]
[Site "Kouty nad Desnou"]
[Date "2015.03.14"]
[Round "9"]
[White "Dumkova, Daniela"]
[Black "Klubal, Jiri"]
[Result "1/2-1/2"]
[WhiteElo "1724"]
[BlackElo "1504"]
[PlyCount "34"]
[EventDate "2015.03.07"]
[EventType "swiss"]
[EventRounds "9"]
[EventCountry "CZE"]
[SourceTitle "EXT 2017"]
[Source "ChessBase"]
[SourceDate "2016.10.25"]
[SourceVersion "1"]
[SourceVersionDate "2016.10.25"]
[SourceQuality "1"]

1. Nf3 Nf6 2. c4 e6 3. d4 d5 4. g3 c6 5. cxd5 exd5 6. Bg2 Bf5 7. 0-0 Be7 8. Qb3 Qc8 9. Re1 Ne4 10. Nbd2 0-0 11. Nxe4 Bxe4 12. Bd2 Qc7 13. Bb4 Bxb4 14. Qxb4 Nd7 15. Rac1 Qb6 16. Qe7 Nf6 17. b3 Rfe8 1/2-1/2

[Event "Kouty nad Desnou op-A"]
[Site "Kouty nad Desnou"]
[Date "2015.03.13"]
[Round "8"]
[White "Klubal, Jiri"]
[Black "Krejca, Jakub"]
[Result "0-1"]
[WhiteElo "1504"]
[BlackElo "1907"]
[PlyCount "56"]
[EventDate "2015.03.07"]
[EventType "swiss"]
[EventRounds "9"]
[EventCountry "CZE"]
[SourceTitle "EXT 2017"]
[Source "ChessBase"]
[SourceDate "2016.10.25"]
[SourceVersion "1"]
[SourceVersionDate "2016.10.25"]
[SourceQuality "1"]

1. e4 e6 2. d4 d5 3. exd5 exd5 4. Bd3 Bd6 5. Nc3 c6 6. Nge2 Nf6 7. Bg5 0-0 8. Qd2 Nbd7 9. f3 Re8 10. 0-0-0 b5 11. g4 Qa5 12. h4 b4 13. Nb1 c5 14. c3 Ba6 15. h5 cxd4 16. Nxd4 Bxd3 17. Qxd3 Ne5 18. Qc2 Nfd7 19. Bd2 Nc5 20. Be1 Qa6 21. c4 dxc4 22. Nf5 Ned3+ 23. Kd2 Bf4+ 24. Ne3 Bxe3+ 25. Ke2 Bf2+ 26. Kd2 Bxe1+ 27. Rhxe1 Nxe1 28. Qxh7+ Kxh7 0-1

[Event "Kouty nad Desnou op-A"]
[Site "Kouty nad Desnou"]
[Date "2015.03.10"]
[Round "4"]
[White "Sobek, Michal"]
[Black "Klubal, Jiri"]
[Result "0-1"]
[WhiteElo "1676"]
[BlackElo "1504"]
[PlyCount "84"]
[EventDate "2015.03.07"]
[EventType "swiss"]
[EventRounds "9"]
[EventCountry "CZE"]
[SourceTitle "EXT 2017"]
[Source "ChessBase"]
[SourceDate "2016.10.25"]
[SourceVersion "1"]
[SourceVersionDate "2016.10.25"]
[SourceQuality "1"]

1. e4 e5 2. Nf3 Nc6 3. Bb5 a6 4. Ba4 Nf6 5. 0-0 b5 6. Bb3 Be7 7. Re1 0-0 8. a4 b4 9. c3 bxc3 10. bxc3 d6 11. h3 Rb8 12. d4 exd4 13. cxd4 Na5 14. Bc2 d5 15. e5 Nd7 16. Qd3 g6 17. Bh6 Re8 18. e6 fxe6 19. Ne5 Nxe5 20. Rxe5 Bf6 21. Rh5 Qe7 22. Qg3 Kf7 23. Bf8 Kxf8 24. Rh6 Bg5 25. Ra3 Bxh6 26. Rf3+ Kg7 27. Qe5+ Kg8 28. Rg3 Qg7 29. Qe1 Nc4 30. h4 Bd7 31. h5 g5 32. Qd1 Nb2 33. Qd2 g4 34. Qe2 e5 35. Qxa6 exd4 36. Qf1 Nxa4 37. Qd1 Nb2 38. Qf1 Bb5 39. Bd3 Bxd3 40. Rxd3 Nxd3 41. Qxd3 Re1+ 42. Kh2 g3+ 0-1

[Event "CZE-ch U12"]
[Site "Kouty nad Desnou"]
[Date "2014.03.15"]
[Round "9"]
[White "Klubal, Jiri"]
[Black "Kopec, Ladislav"]
[Result "1/2-1/2"]
[WhiteElo "1561"]
[BlackElo "1456"]
[PlyCount "31"]
[EventDate "2014.03.08"]
[EventType "swiss"]
[EventRounds "9"]
[EventCountry "CZE"]
[SourceTitle "EXT 2015"]
[Source "ChessBase"]
[SourceDate "2014.11.20"]
[SourceVersion "1"]
[SourceVersionDate "2014.11.20"]
[SourceQuality "1"]

1. e4 c5 2. Nf3 Nc6 3. d4 cxd4 4. Nxd4 e5 5. Nb5 a6 6. Nd6+ Bxd6 7. Qxd6 Qf6 8. Qxf6 Nxf6 9. Nc3 d5 10. Nxd5 Nxd5 11. exd5 Nb4 12. Bd3 Nxd3+ 13. cxd3 Bf5 14. 0-0 0-0 15. Be3 Rfd8 16. d4 1/2-1/2

[Event "CZE-ch U10"]
[Site "Kouty nad Desnou"]
[Date "2012.03.15"]
[Round "7"]
[White "Ocko, Dominik"]
[Black "Klubal, Jiri"]
[Result "1/2-1/2"]
[WhiteElo "1250"]
[BlackElo "1250"]
[PlyCount "88"]
[EventDate "2012.03.10"]
[EventType "swiss"]
[EventRounds "9"]
[EventCountry "CZE"]
[SourceTitle "EXT 2013"]
[Source "ChessBase"]
[SourceDate "2012.11.22"]
[SourceVersion "1"]
[SourceVersionDate "2012.11.22"]
[SourceQuality "1"]

1. e4 e5 2. Bc4 Nf6 3. Nc3 Bc5 4. d3 0-0 5. Bg5 h6 6. Bh4 c6 7. Qf3 d6 8. Bxf6 Qxf6 9. Qxf6 gxf6 10. Nge2 Be6 11. Bb3 Nd7 12. 0-0 Nb6 13. Ng3 Kh8 14. Nh5 f5 15. exf5 Bxf5 16. Ng3 Be6 17. Rfe1 Bxb3 18. axb3 f5 19. Na4 Nxa4 20. Rxa4 b5 21. Rh4 Kg7 22. c3 Rae8 23. Kf1 d5 24. d4 exd4 25. Rxe8 Rxe8 26. Nxf5+ Kg6 27. Nxd4 Bxd4 28. Rxd4 Kf5 29. g4+ Kg5 30. c4 Re4 31. Rxe4 dxe4 32. cxb5 cxb5 33. h3 Kf4 34. Ke2 a5 35. Kf1 Kf3 36. Ke1 e3 37. fxe3 Kxe3 38. h4 Kf4 39. g5 hxg5 40. hxg5 Kxg5 41. Kd2 Kf5 42. Kd3 Ke5 43. Ke3 Kd5 44. Kd3 Kc5 1/2-1/2